魔王大人不要鬧 . 1
| 資料類型: | 圖書 | 書目號: | 50980 |
Leader xxxxxxxxxx 001 __ 102454/2/01 005 __ 20170410105849.882 010 0_ |a978-986-474-221-9|b第1冊 : 平裝|d新臺幣190元 042 __ |anbim 100 __ |a20170410d2017 k y0chiy50 e 101 0_ |achi 102 __ |atw 105 __ |ay z 000ay 200 1_ |a魔王大人不要鬧|h1|f清淺著 205 __ |a初版 210 __ |a臺南市|c長鴻|d2017[民106] 215 0_ |a250面|d21公分 225 12 |a長鴻原創小說 606 __ |2cst|a小說 700 _0 |a清淺|4著 681 __ |a857.7|b832 v.1 801 _0 |atw|bLibDipper|c20170410|gCCR |